000 00786nam a2200205Ii 4500
003 JO-AjNU
008 230605s9999||||xx |||||||||||||| ||und||
040 _aJO-AjNU
_bara
_erda
_cJO-AjNU
041 _aara
050 1 4 _aKBP2460.R39.2001
100 3 _a الزرقي ، محمد طاهر ,
_eauthor
_935789
245 0 0 _aحقوق الانسان والقانون الجنائي
250 _a(د،ط)
264 3 1 _aبيروت : دار الفكر اللبناني ، 2001
300 _a160ص
_bيشتمل على قائمة المصادر والمراجع الببلوغرافية ص ( 151 - 158 )
336 _atext
_btxt
_2rdacontent
337 _aunmediated
_bn
_2rdamedia
338 _avolume
_bnc
_2rdacarrier
650 4 _aحقوق الإنسان -- قانون جنائي
_935790
999 _aA14809
_c18377
_d18377